000 00678nam a2200205 a 4500
005 20240419064026.0
008 040923s1998 mx r 000 0 spa d
020 _a9709059149
035 _aUPN01000134813
049 _aCG
050 4 _aHD8114
_bC8.4
245 0 0 _aCultura y trabajo en México :
_bestereotipos, prácticas y representaciones /
_ccoord. Rocío Guadarrama Olivera.
260 _aMéxico :
_bJuan Pablos :
_bUAM-Iztapalapa,
_c1998.
300 _a545 p.
440 0 _aCSH
650 4 _aTrabajo y trabajadores
_zMéxico
_xHistoria
_910850
650 4 _aCLASE MEDIA -
_zMEXICO -
_xHISTORIA
_910848
700 1 _aGuadarrama Olivera, Rocío,
_ecoord.
905 _aLibro
999 _c106964
_d106964